A work book of graphology: (Record no. 28967)

MARC details
000 -LEADER
fixed length control field 00816nam a22002294a 4500
005 - DATE AND TIME OF LATEST TRANSACTION
control field 20090806134118.0
008 - FIXED-LENGTH DATA ELEMENTS--GENERAL INFORMATION
fixed length control field 081111s2009 ii b 001 0 eng
010 ## - LCCN (DPL NO)
LC control number ENG-94639
020 ## - INTERNATIONAL STANDARD BOOK NUMBER
International Standard Book Number 8181560973
Terms of availability 396.00
035 ## - SYSTEM CONTROL NUMBER
System control number EN-78172
037 ## - SOURCE OF ACQUISITION
Source of stock number/acquisition DBAD / PUB
040 ## - CATALOGING SOURCE
Original cataloging agency dpl
Language of cataloging English
100 ## - MAIN ENTRY--PERSONAL NAME
Personal name Gopal Krishan
245 ## - TITLE STATEMENT
Title A work book of graphology:
Remainder of title (a scientific analysis of handwriting) /
Statement of responsibility, etc by Gopal Krishan
260 ## - PUBLICATION, DISTRIBUTION, ETC. (IMPRINT)
Place of publication, distribution, etc Haryana
Name of publisher, distributor, etc Aggarwal Parakashan
Date of publication, distribution, etc 2008
270 ## - ADDRESS
Address S.C.F.-8, Vikas Vihar, Ambala City,
City Haryana
300 ## - PHYSICAL DESCRIPTION
Extent 131p.
Dimensions 22cm(Hb)
650 ## - SUBJECT ADDED ENTRY--TOPICAL TERM
Topical term or geographic name as entry element Nonviolence.
650 ## - SUBJECT ADDED ENTRY--TOPICAL TERM
Topical term or geographic name as entry element Peace
General subdivision Religious aspects.
942 ## - ADDED ENTRY ELEMENTS (KOHA)
Source of classification or shelving scheme Dewey Decimal Classification
Item type English Books
Call number suffix TOS
Holdings
Withdrawn status Lost status Source of classification or shelving scheme Damaged status Not for loan Collection code Home library Current library Date acquired Source of acquisition Cost, normal purchase price Total Checkouts Full call number Barcode Date last seen Copy number Cost, replacement price
    Dewey Decimal Classification   Not For Loan Non-fiction D.B.Act.Division D.B.Act.Division 06/08/2009 DBAD / PUB 250.00   TOS EN-78172 06/08/2009 1 250.00

© Delhi Public Library
Hit Counter
free hit counter